[Event "AUT-ch Vor4 Internet"]
[Site "Playchess.com INT"]
[Date "2020.04.25"]
[Round "6"]
[White "Hofer, Maximilian"]
[Black "Prem, Erich"]
[Result "1-0"]
[WhiteElo "2108"]
[BlackElo "1701"]
[PlyCount "119"]
[EventDate "2020.04.25"]
[EventType "swiss (blitz)"]
[EventRounds "9"]
[EventCountry "AUT"]
[SourceTitle "EXT 2021"]
[Source "ChessBase"]
[SourceDate "2020.10.23"]
[SourceVersion "1"]
[SourceVersionDate "2020.10.23"]
[SourceQuality "1"]

1. e4 c6 2. d4 d5 3. Nc3 dxe4 4. Nxe4 Bf5 5. Ng3 Bg6 6. Nf3 Nd7 7. h4 h6 8. h5 Bh7 9. Bd3 Bxd3 10. Qxd3 e6 11. Bd2 Ngf6 12. 0-0-0 Be7 13. Ne4 Nxe4 14. Qxe4 Nf6 15. Qe2 Qd5 16. Kb1 Qe4 17. Qc4 Qd5 18. Qe2 Qe4 19. Qc4 Qd5 20. Qa4 0-0 21. Rde1 Ne4 22. Be3 b5 23. Qb3 Qxb3 24. axb3 a5 25. g4 a4 26. bxa4 Rxa4 27. c3 Rfa8 28. Kc2 b4 29. Kd3 f5 30. gxf5 exf5 31. Nd2 bxc3 32. bxc3 Ng5 33. Rhg1 Bf6 34. Bxg5 Bxg5 35. Re6 Bxd2 36. Kxd2 Ra2+ 37. Ke3 f4+ 38. Kd3 Rxf2 39. Re7 Rf3+ 40. Kc4 Rg3 41. Rf1 Ra3 42. Rxf4 Rgxc3+ 43. Kb4 Rab3+ 44. Ka4 Rb8 45. Rff7 Rg3 46. Ra7 Rg1 47. Rf3 Rd1 48. Rg3 Ra1+ 49. Ra3 Rxa3+ 50. Kxa3 Rd8 51. Ra4 Rd5 52. Rc4 Rxh5 53. Rxc6 Rd5 54. Rc4 h5 55. Kb3 h4 56. Rc8+ Kf7 57. Kc4 Rd7 58. Rh8 g5 59. Rh5 Kf6 60. d5 1-0

[Event "AUT-ch Vor4 Internet"]
[Site "Playchess.com INT"]
[Date "2020.04.25"]
[Round "7"]
[White "Prem, Erich"]
[Black "Hofstadler, Mario"]
[Result "0-1"]
[WhiteElo "1701"]
[BlackElo "1867"]
[PlyCount "86"]
[EventDate "2020.04.25"]
[EventType "swiss (blitz)"]
[EventRounds "9"]
[EventCountry "AUT"]
[SourceTitle "EXT 2021"]
[Source "ChessBase"]
[SourceDate "2020.10.23"]
[SourceVersion "1"]
[SourceVersionDate "2020.10.23"]
[SourceQuality "1"]

1. e4 c6 2. d4 d5 3. Nc3 dxe4 4. Nxe4 Nd7 5. Nf3 Ngf6 6. Bd3 Nxe4 7. Bxe4 Nf6 8. Bd3 Bg4 9. c3 e6 10. h3 Bh5 11. Bg5 Be7 12. 0-0 0-0 13. Be2 Rc8 14. Ne5 Bxe2 15. Qxe2 Nd5 16. Bxe7 Qxe7 17. Rad1 Qf6 18. Nd7 Qg6 19. Nxf8 Rxf8 20. Qd3 Qg5 21. Qg3 Qf5 22. Qd3 Qg5 23. Rfe1 Rc8 24. Re5 Qf6 25. Rde1 Rd8 26. Qg3 Nf4 27. R1e4 Ng6 28. Ra5 a6 29. h4 Ne7 30. Rf4 Nf5 31. Qh3 Qh6 32. Re5 Qxf4 33. g3 Qc1+ 34. Kg2 Qxb2 35. g4 Ne7 36. g5 Rd5 37. Re3 Nf5 38. Re1 Qc2 39. h5 Nd6 40. h6 Qf5 41. Qe3 Qxg5+ 42. Kf1 Qxe3 43. Rxe3 Nf5 0-1

[Event "AUT-ch Vor4 Internet"]
[Site "Playchess.com INT"]
[Date "2020.04.25"]
[Round "4"]
[White "Prem, Erich"]
[Black "Schloffer, Jasmin Denise"]
[Result "1/2-1/2"]
[WhiteElo "1701"]
[BlackElo "2110"]
[PlyCount "66"]
[EventDate "2020.04.25"]
[EventType "swiss (blitz)"]
[EventRounds "9"]
[EventCountry "AUT"]
[SourceTitle "EXT 2021"]
[Source "ChessBase"]
[SourceDate "2020.10.23"]
[SourceVersion "1"]
[SourceVersionDate "2020.10.23"]
[SourceQuality "1"]

1. e4 e5 2. Nf3 Nc6 3. d4 exd4 4. Nxd4 Nf6 5. Nc3 Bb4 6. Nxc6 bxc6 7. Bd3 d5 8. exd5 cxd5 9. 0-0 0-0 10. Bg5 c6 11. Qf3 Rb8 12. Ne2 Bd6 13. Rab1 Be5 14. c3 h6 15. Bh4 Qd6 16. h3 Bd7 17. Bg3 Bxg3 18. fxg3 a5 19. Nd4 Qc5 20. Kh2 a4 21. Nf5 Bxf5 22. Qxf5 a3 23. bxa3 Rxb1 24. Rxb1 Qxa3 25. Rb6 Qxc3 26. a4 Re8 27. a5 Qxa5 28. Rxc6 Qa1 29. Rc8 Qa4 30. Bc2 Qb5 31. Bd3 Qa4 32. Bc2 Qb5 33. Bd3 Qa4 1/2-1/2

[Event "Steyr Landesliga 1112"]
[Site "Austria"]
[Date "2012.05.05"]
[Round "11.8"]
[White "Prem, Erich"]
[Black "Weissensteiner, Lukas"]
[Result "1-0"]
[WhiteElo "1762"]
[BlackElo "1292"]
[PlyCount "57"]
[EventDate "2011.09.24"]
[EventType "team-tourn"]
[EventRounds "11"]
[EventCountry "AUT"]
[SourceTitle "EXT 2015"]
[Source "ChessBase"]
[SourceDate "2014.11.20"]
[SourceVersion "1"]
[SourceVersionDate "2014.11.20"]
[SourceQuality "1"]
[WhiteTeam "Hartberg"]
[BlackTeam "Frauental"]
[WhiteTeamCountry "AUT"]
[BlackTeamCountry "AUT"]

1. d4 d5 2. c4 e6 3. Nc3 Nf6 4. cxd5 exd5 5. Nf3 Nc6 6. Bg5 Be6 7. e3 a6 8. Ne5 h6 9. Nxc6 bxc6 10. Bh4 c5 11. Qa4+ Bd7 12. Qa5 cxd4 13. Nxd5 Bd6 14. Nxf6+ gxf6 15. Bc4 dxe3 16. 0-0 Kf8 17. fxe3 Qe7 18. Rxf6 Qxe3+ 19. Bf2 Qe4 20. Rxf7+ Kg8 21. Rf4+ Qxc4 22. Rxc4 Bb5 23. Rg4+ Kh7 24. Qc3 Rhg8 25. Qc2+ Kh8 26. Bd4+ Rg7 27. Rxg7 Bxh2+ 28. Kxh2 Bd3 29. Qxd3 1-0